Code Lyoko - Ennemis - Statistiques

Statistiques générales
  • Ce quiz a été pris 142 fois
  • Le résultat moyen est 11 sur 18
Statistiques - réponses
Par images Réponse % Correct
Krabe
95%
William
93%
Méduse
89%
Manta
84%
Block
76%
Mégatank
74%
Kankrelat
73%
Kolosse
72%
Tarentule
70%
Rampant
67%
Spectre
54%
Frôlion
53%
Gardien
46%
Rekin
42%
Kongre
37%
Manta Noire
35%
Kalamar
24%
Clone Polymorphe
17%
Aucun quiz correspondant
Distribution des résultats
% des personnes avec chaque résultat
Percentile par nombre de réponses
Votre historique - résultats
Vous n’avez pas pris ce quiz